| 000 | 00577nam a2200193 4500 | ||
|---|---|---|---|
| 999 |
_c171843 _d171843 |
||
| 005 | 20200121170907.0 | ||
| 010 | _aENG-127496 | ||
| 020 |
_c295.00 _a9788187649182 |
||
| 035 | _aEN-111028 | ||
| 037 | _bDBAD/PUB | ||
| 082 | _aS | ||
| 245 |
_aChandrasekhar Kambar/ _ctranslated by Laxmi Chandrasekhar |
||
| 260 |
_aNew Delhi _bKatha Urdu Library _c1998 |
||
| 270 |
_aA-3 Sarvodaya Enclave Sri Aurobindo Marg _bNew Delhi _e110017 |
||
| 300 |
_a211p. _c21cm(hb) |
||
| 500 | _aincludes bibliographical references | ||
| 700 | _aChandrasekhar,Laxmi | ||
| 942 |
_2ddc _cEN _hS _mCHA |
||